| 000 | 00592nam a2200169Ia 4500 | ||
|---|---|---|---|
| 003 | GCL | ||
| 005 | 20240530105419.0 | ||
| 008 | 140319s9999 xx 000 0 ara d | ||
| 040 |
_aGCL / _cGCL |
||
| 082 | 0 | 4 |
_a330.962 _bز د |
| 100 | 1 | _aرمزى زكى | |
| 245 | 1 | 0 |
_aدراسات فى ازمة مصر الاقتصادية مع استراتيجية مقترحة للاقتصاد المصرى فى المرحلة القادمة / _cرمزى زكى |
| 260 |
_a[S.N] : _bمكتبة مدبولى ، _c1983 |
||
| 300 | _a318 ص | ||
| 650 | 0 | 4 | _aالاقتصاد المصرى |
| 942 |
_2ddc _cBK |
||
| 999 |
_c55818 _d55818 |
||